[Event "FIN-chT1A 1415"]
[Site "Finland"]
[Date "2015.03.14"]
[Round "7.4"]
[White "Lehtila, Taneli"]
[Black "Kuusela, Matti"]
[Result "1-0"]
[WhiteElo "2098"]
[BlackElo "1935"]
[PlyCount "79"]
[EventDate "2014.09.27"]
[EventType "team-tourn"]
[EventRounds "7"]
[EventCountry "FIN"]
[SourceTitle "EXT 2017"]
[Source "ChessBase"]
[SourceDate "2016.10.25"]
[SourceVersion "1"]
[SourceVersionDate "2016.10.25"]
[SourceQuality "1"]
[WhiteTeam "Pori PSY"]
[BlackTeam "Tampere Tammer II"]
[WhiteTeamCountry "FIN"]
[BlackTeamCountry "FIN"]

1. Nf3 e6 2. c4 f5 3. g3 b6 4. Bg2 Bb7 5. 0-0 Nf6 6. d4 Be7 7. Nc3 0-0 8. d5 Qc8 9. a3 a5 10. Nd4 Na6 11. Qc2 Bc5 12. Nb3 d6 13. e4 fxe4 14. Bh3 Qe8 15. Bxe6+ Kh8 16. Bg5 Qg6 17. Bxf6 Rxf6 18. Qxe4 Qh6 19. Rae1 Re8 20. Qg4 Bc8 21. Nxc5 Nxc5 22. Bxc8 Ref8 23. Re2 Nd3 24. Qh3 Qg6 25. Be6 Nf4 26. Qh4 Nxe2+ 27. Nxe2 Qc2 28. Nf4 Qxb2 29. Bf5 Rxf5 30. Ng6+ Kg8 31. Ne7+ Kh8 32. Ng6+ Kg8 33. Ne7+ Kh8 34. Nxf5 Qf6 35. Qxf6 Rxf6 36. Re1 h6 37. Re8+ Kh7 38. g4 g6 39. Re7+ Kg8 40. Ne3 1-0